000
00251nam a2200109Ia 4500
008
220216s9999 xx 000 0 und d
245
0
_a
Rubberinu valamidan RubSiS app
260
_b
Karshakasree
_c
2017
300
_a
75
650
_a
RubSiS
942
_c
JS
999
_c
68256
_d
68256